Statistiques concernant Le clan Hyuga

Cliquez ici pour prendre le quiz!

Statistiques générales

  • Ce quiz a été pris 35 fois
  • Le résultat moyen est 4 sur 10

Statistiques - réponses

Réponse% Correct
Hinata
100%
Neji
93%
Hanabi
68%
Hiashi
61%
Hizashi
57%
21%
Natsu
18%
Tokuma
14%
Hoheto
4%
Iroha
4%

Distribution des résultats

Percentile par nombre de réponses

% des personnes avec chaque résultat

Votre développement - résultats

Vous n’avez pas pris ce quiz